[Event "DVM U16w 2023"]
[Site "Magdeburg GER"]
[Date "2023.12.29"]
[Round "6"]
[White "Lorenz, Veronika"]
[Black "Glowiak, Alexandra"]
[Result "0-1"]
[Termination "normal"]
[Board "2.1"]
[WhiteElo "1651"]
[BlackElo "1730"]
[WhiteClock "00:42:39"]
[BlackClock "00:11:40"]
[WhiteTeam "TSG Oberschöneweide"]
[BlackTeam "Chemnitzer SC Aufbau95"]
[PlyCount "62"]
[WhiteFideId "16277406"]
[BlackFideId "16259530"]
[EventCountry "GER"]
[EventRounds "7"]
[EventType "team-swiss"]
[EventDate "2023.12.26"]

1. e4 {[%clk 01:30:59]} e5 {[%clk 01:30:59]} {[%emt 00:00:02]} 2. Nf3 {[%clk
01:31:28]} Nc6 {[%clk 01:31:20]} {[%emt 00:00:09]} 3. Bb5 {[%clk 01:31:57]} a6
{[%clk 01:31:49]} 4. Ba4 {[%clk 01:32:20]} {[%emt 00:00:08]} Nf6 {[%clk
01:31:59]} {[%emt 00:00:20]} 5. d3 {[%clk 01:32:49]} {[%emt 00:00:02]} b5
{[%clk 01:29:50]} {[%emt 00:02:38]} 6. Bb3 {[%clk 01:33:18]} Be7 {[%clk
01:29:34]} {[%emt 00:00:46]} 7. O-O {[%clk 01:33:46]} {[%emt 00:00:02]} O-O
{[%clk 01:28:45]} {[%emt 00:01:19]} 8. Re1 {[%clk 01:34:03]} {[%emt 00:00:13]}
d6 {[%clk 01:28:31]} {[%emt 00:00:44]} 9. c3 {[%clk 01:34:29]} {[%emt
00:00:04]} Na5 {[%clk 01:26:28]} {[%emt 00:02:33]} 10. Bc2 {[%clk 01:34:58]}
{[%emt 00:00:02]} c5 {[%clk 01:25:24]} {[%emt 00:01:34]} 11. h3 {[%clk
01:35:11]} {[%emt 00:00:16]} Qc7 {[%clk 01:22:24]} {[%emt 00:03:30]} 12. d4
{[%clk 01:35:01]} {[%emt 00:00:40]} Nb7 {[%clk 01:20:28]} {[%emt 00:02:26]} 13.
d5 {[%clk 01:32:57]} {[%emt 00:02:35]} c4 {[%clk 01:19:37]} {[%emt 00:01:20]}
14. b3 {[%clk 01:32:58]} {[%emt 00:00:29]} cxb3 {[%clk 01:07:06]} {[%emt
00:13:00]} 15. axb3 {[%clk 01:33:18]} {[%emt 00:00:12]} Bd7 {[%clk 01:04:51]}
{[%emt 00:02:45]} 16. b4 {[%clk 01:26:57]} {[%emt 00:06:51]} a5 {[%clk
00:56:10]} {[%emt 00:09:10]} 17. Be3 {[%clk 01:23:25]} {[%emt 00:04:02]} axb4
{[%clk 00:39:09]} {[%emt 00:17:31]} 18. cxb4 {[%clk 01:23:10]} {[%emt
00:00:45]} Rxa1 {[%clk 00:39:27]} {[%emt 00:00:12]} 19. Nfd2 {[%clk 01:20:58]}
{[%emt 00:02:42]} Ne8 {[%clk 00:29:21]} {[%emt 00:10:36]} 20. f4 {[%clk
01:20:04]} {[%emt 00:01:25]} exf4 {[%clk 00:27:30]} {[%emt 00:02:20]} 21. Bxf4
{[%clk 01:20:24]} {[%emt 00:00:10]} Bf6 {[%clk 00:26:16]} {[%emt 00:01:44]} 22.
Nf3 {[%clk 01:18:48]} {[%emt 00:02:05]} Qc4 {[%clk 00:20:59]} {[%emt 00:05:47]}
23. Qd2 {[%clk 01:09:50]} {[%emt 00:09:29]} Ra2 {[%clk 00:15:10]} {[%emt
00:06:18]} 24. Re2 {[%clk 01:04:44]} {[%emt 00:05:37]} g6 {[%clk 00:13:57]}
{[%emt 00:01:44]} 25. h4 {[%clk 00:55:14]} {[%emt 00:10:00]} Ng7 {[%clk
00:13:31]} {[%emt 00:00:55]} 26. e5 {[%clk 00:53:02]} {[%emt 00:02:41]} dxe5
{[%clk 00:12:32]} {[%emt 00:01:30]} 27. Nxe5 {[%clk 00:53:29]} {[%emt
00:00:02]} Bxe5 {[%clk 00:12:16]} {[%emt 00:00:47]} 28. Bxe5 {[%clk 00:53:40]}
{[%emt 00:00:19]} Bf5 {[%clk 00:12:06]} {[%emt 00:00:40]} 29. Bc3 {[%clk
00:43:07]} {[%emt 00:11:04]} Rxc2 {[%clk 00:11:29]} {[%emt 00:01:06]} 30. Qh6
{[%clk 00:42:14]} {[%emt 00:01:23]} Rxc3 {[%clk 00:11:23]} {[%emt 00:00:36]}
31. Nxc3 {[%clk 00:42:39]} {[%emt 00:00:05]} Qxc3 {[%clk 00:11:40]} {[%emt
00:00:13]} 0-1

[Event "DVM U16w 2023"]
[Site "Magdeburg GER"]
[Date "2023.12.29"]
[Round "6"]
[White "Czäczine, Paula"]
[Black "Fock, Madiha"]
[Result "0-1"]
[Termination "normal"]
[Board "2.2"]
[WhiteElo "1581"]
[BlackElo "1697"]
[WhiteClock "00:22:52"]
[BlackClock "00:56:21"]
[WhiteTeam "Chemnitzer SC Aufbau95"]
[BlackTeam "TSG Oberschöneweide"]
[PlyCount "92"]
[WhiteFideId "16249305"]
[BlackFideId "16253574"]
[EventCountry "GER"]
[EventRounds "7"]
[EventType "team-swiss"]
[EventDate "2023.12.26"]

1. e4 {[%clk 01:30:57]} {[%emt 00:00:02]} c5 {[%clk 01:30:56]} {[%emt
00:00:04]} 2. Nf3 {[%clk 01:31:21]} {[%emt 00:00:06]} d6 {[%clk 01:31:23]}
{[%emt 00:00:04]} 3. d4 {[%clk 01:31:44]} {[%emt 00:00:06]} cxd4 {[%clk
01:31:45]} {[%emt 00:00:09]} 4. Nxd4 {[%clk 01:32:08]} {[%emt 00:00:05]} Nf6
{[%clk 01:32:11]} {[%emt 00:00:04]} 5. Nc3 {[%clk 01:32:28]} {[%emt 00:00:10]}
a6 {[%clk 01:32:37]} {[%emt 00:00:05]} 6. Be3 {[%clk 01:32:35]} {[%emt
00:00:23]} e6 {[%clk 01:32:39]} {[%emt 00:00:27]} 7. f3 {[%clk 01:32:51]}
{[%emt 00:00:14]} b5 {[%clk 01:32:17]} {[%emt 00:00:53]} 8. Qd2 {[%clk
01:32:34]} {[%emt 00:00:47]} Bb7 {[%clk 01:32:19]} {[%emt 00:00:27]} 9. g4
{[%clk 01:31:13]} {[%emt 00:01:51]} Nfd7 {[%clk 01:30:08]} {[%emt 00:02:41]}
10. O-O-O {[%clk 01:26:00]} {[%emt 00:05:43]} Nb6 {[%clk 01:28:10]} {[%emt
00:02:29]} 11. h4 {[%clk 01:16:23]} {[%emt 00:10:07]} N8d7 {[%clk 01:25:46]}
{[%emt 00:02:54]} 12. Qf2 {[%clk 01:10:43]} {[%emt 00:06:08]} Rc8 {[%clk
01:22:45]} {[%emt 00:03:32]} 13. Kb1 {[%clk 01:08:50]} {[%emt 00:02:24]} b4
{[%clk 01:18:11]} {[%emt 00:05:04]} 14. Nce2 {[%clk 01:08:49]} {[%emt
00:00:30]} Qc7 {[%clk 01:16:58]} {[%emt 00:01:43]} 15. Nc1 {[%clk 01:03:31]}
{[%emt 00:05:48]} d5 {[%clk 01:13:27]} {[%emt 00:04:02]} 16. Bg2 {[%clk
00:57:00]} {[%emt 00:07:01]} Nc4 {[%clk 01:09:21]} {[%emt 00:04:35]} 17. Rhe1
{[%clk 00:50:57]} {[%emt 00:06:34]} Bd6 {[%clk 01:05:44]} {[%emt 00:04:07]} 18.
Re2 {[%clk 00:39:36]} {[%emt 00:11:49]} Ndb6 {[%clk 01:03:29]} {[%emt
00:02:46]} 19. Nd3 {[%clk 00:33:20]} {[%emt 00:06:46]} Na4 {[%clk 00:59:50]}
{[%emt 00:04:08]} 20. Rc1 {[%clk 00:19:06]} {[%emt 00:14:45]} Ncxb2 {[%clk
00:57:57]} {[%emt 00:02:23]} 21. Nxb2 {[%clk 00:15:54]} {[%emt 00:03:42]} Nc3+
{[%clk 00:58:22]} {[%emt 00:00:04]} 22. Ka1 {[%clk 00:16:16]} {[%emt 00:00:09]}
Qa5 {[%clk 00:58:39]} {[%emt 00:00:14]} 23. a4 {[%clk 00:16:09]} {[%emt
00:00:37]} bxa3 {[%clk 00:57:31]} {[%emt 00:01:37]} 24. Nd3 {[%clk 00:13:41]}
{[%emt 00:02:58]} dxe4 {[%clk 00:50:48]} {[%emt 00:07:13]} 25. Nb3 {[%clk
00:11:27]} {[%emt 00:02:44]} Qb5 {[%clk 00:50:19]} {[%emt 00:00:59]} 26. fxe4
{[%clk 00:11:12]} {[%emt 00:00:44]} Nxe2 {[%clk 00:40:48]} {[%emt 00:10:01]}
27. Qxe2 {[%clk 00:11:28]} {[%emt 00:00:15]} O-O {[%clk 00:39:49]} {[%emt
00:01:29]} 28. h5 {[%clk 00:08:04]} {[%emt 00:03:53]} a2 {[%clk 00:38:20]}
{[%emt 00:02:00]} 29. h6 {[%clk 00:07:22]} {[%emt 00:01:12]} Be5+ {[%clk
00:38:26]} {[%emt 00:00:24]} 30. Bd4 {[%clk 00:06:40]} {[%emt 00:01:12]} Bxd4+
{[%clk 00:37:49]} {[%emt 00:01:07]} 31. Nxd4 {[%clk 00:07:02]} {[%emt
00:00:08]} Qc4 {[%clk 00:37:23]} {[%emt 00:00:55]} 32. Nb3 {[%clk 00:06:32]}
{[%emt 00:01:01]} Rfd8 {[%clk 00:36:29]} {[%emt 00:01:24]} 33. hxg7 {[%clk
00:05:32]} {[%emt 00:01:30]} Qc3+ {[%clk 00:35:48]} {[%emt 00:01:11]} 34. Nb2
{[%clk 00:05:21]} {[%emt 00:00:41]} Qxg7 {[%clk 00:30:45]} {[%emt 00:05:33]}
35. Rd1 {[%clk 00:03:54]} {[%emt 00:01:57]} Rxd1+ {[%clk 00:30:46]} {[%emt
00:00:29]} 36. Qxd1 {[%clk 00:04:19]} {[%emt 00:00:04]} Qc3 {[%clk 00:30:55]}
{[%emt 00:00:21]} 37. Qd7 {[%clk 00:02:22]} {[%emt 00:02:28]} Ba8 {[%clk
00:30:19]} {[%emt 00:01:06]} 38. Kxa2 {[%clk 00:01:29]} {[%emt 00:01:23]} Qxc2
{[%clk 00:30:37]} {[%emt 00:00:12]} 39. Bf1 {[%clk 00:01:18]} {[%emt 00:00:42]}
Rb8 {[%clk 00:31:06]} 40. Qd3 {[%clk 00:00:53]} {[%emt 00:00:55]} Bxe4 {[%clk
00:30:05]} {[%emt 00:01:31]} 41. Qxc2 {[%clk 00:29:43]} {[%emt 00:01:40]} Bxc2
{[%clk 01:00:33]} {[%emt 00:00:01]} 42. Nd4 {[%clk 00:28:27]} {[%emt 00:01:47]}
Be4 {[%clk 01:00:22]} {[%emt 00:00:40]} 43. Nc4 {[%clk 00:26:12]} {[%emt
00:02:46]} Rd8 {[%clk 00:58:44]} {[%emt 00:02:08]} 44. Nb3 {[%clk 00:24:48]}
{[%emt 00:01:54]} Bd3 {[%clk 00:55:38]} {[%emt 00:03:36]} 45. Bxd3 {[%clk
00:24:08]} {[%emt 00:01:09]} Rxd3 {[%clk 00:56:06]} {[%emt 00:00:02]} 46. Kb2
{[%clk 00:22:52]} {[%emt 00:01:46]} Rg3 {[%clk 00:56:21]} {[%emt 00:00:15]} *

[Event "DVM U16w 2023"]
[Site "Magdeburg GER"]
[Date "2023.12.29"]
[Round "6"]
[White "Yamshchikova, Alisa"]
[Black "Czäczine, Laura"]
[Result "1/2-1/2"]
[Termination "normal"]
[Board "2.3"]
[WhiteElo "1323"]
[BlackElo "1474"]
[WhiteClock "01:07:11"]
[BlackClock "00:22:07"]
[WhiteTeam "TSG Oberschöneweide"]
[BlackTeam "Chemnitzer SC Aufbau95"]
[PlyCount "91"]
[WhiteFideId "34135790"]
[BlackFideId "16211448"]
[EventCountry "GER"]
[EventRounds "7"]
[EventType "team-swiss"]
[EventDate "2023.12.26"]

1. e4 {[%clk 01:30:58]} {[%emt 00:00:02]} e5 {[%clk 01:30:54]} {[%emt
00:00:06]} 2. Nf3 {[%clk 01:31:25]} {[%emt 00:00:03]} Nc6 {[%clk 01:31:18]}
{[%emt 00:00:06]} 3. Bb5 {[%clk 01:31:51]} {[%emt 00:00:04]} a6 {[%clk
01:31:40]} {[%emt 00:00:08]} 4. Ba4 {[%clk 01:32:18]} {[%emt 00:00:04]} Nf6
{[%clk 01:31:58]} {[%emt 00:00:11]} 5. O-O {[%clk 01:32:32]} {[%emt 00:00:16]}
Be7 {[%clk 01:31:42]} {[%emt 00:00:46]} 6. Re1 {[%clk 01:32:49]} {[%emt
00:00:13]} b5 {[%clk 01:31:56]} {[%emt 00:00:15]} 7. Bb3 {[%emt 00:00:10]} d6
{[%clk 01:32:11]} {[%emt 00:00:13]} 8. c3 {[%clk 01:33:37]} {[%emt 00:00:06]}
Na5 {[%clk 01:32:05]} {[%emt 00:00:35]} 9. Bc2 {[%clk 01:33:54]} {[%emt
00:00:13]} c5 {[%clk 01:31:55]} {[%emt 00:00:40]} 10. h3 {[%clk 01:34:18]}
{[%emt 00:00:07]} Nc6 {[%clk 01:30:57]} {[%emt 00:01:28]} 11. d4 {[%clk
01:34:15]} {[%emt 00:00:33]} cxd4 {[%clk 01:29:24]} {[%emt 00:02:03]} 12. cxd4
{[%clk 01:34:36]} {[%emt 00:00:08]} exd4 {[%clk 01:29:11]} {[%emt 00:00:42]}
13. Nxd4 {[%clk 01:34:57]} {[%emt 00:00:10]} Nxd4 {[%clk 01:29:10]} {[%emt
00:00:31]} 14. Qxd4 {[%clk 01:35:18]} {[%emt 00:00:09]} Be6 {[%clk 01:29:08]}
{[%emt 00:00:31]} 15. Nc3 {[%clk 01:31:33]} {[%emt 00:04:16]} O-O {[%clk
01:27:17]} {[%emt 00:02:21]} 16. b3 {[%clk 01:26:55]} {[%emt 00:05:08]} Rc8
{[%clk 01:24:23]} {[%emt 00:03:19]} 17. Bb2 {[%clk 01:26:00]} {[%emt 00:01:30]}
d5 {[%clk 01:10:55]} {[%emt 00:13:59]} 18. exd5 {[%clk 01:25:14]} {[%emt
00:01:15]} Bc5 {[%clk 01:03:43]} {[%emt 00:07:40]} 19. Qh4 {[%clk 01:23:18]}
{[%emt 00:02:28]} b4 {[%clk 00:52:51]} {[%emt 00:11:22]} 20. Ne4 {[%clk
01:19:36]} {[%emt 00:04:12]} Nxd5 {[%clk 00:45:24]} {[%emt 00:07:57]} 21. Qxd8
{[%clk 01:07:54]} {[%emt 00:12:12]} Rfxd8 {[%clk 00:45:23]} {[%emt 00:00:30]}
22. Nxc5 {[%clk 01:08:18]} {[%emt 00:00:07]} Rxc5 {[%clk 00:45:31]} {[%emt
00:00:22]} 23. Be4 {[%clk 01:07:20]} {[%emt 00:01:27]} Nf4 {[%clk 00:43:52]}
{[%emt 00:02:07]} 24. Rad1 {[%clk 01:04:37]} {[%emt 00:03:16]} Rf8 {[%clk
00:43:06]} {[%emt 00:01:06]} 25. Kf1 {[%clk 00:50:48]} {[%emt 00:14:29]} a5
{[%clk 00:35:52]} {[%emt 00:07:44]} 26. Rc1 {[%clk 00:48:19]} {[%emt 00:02:58]}
Rg5 {[%clk 00:30:13]} {[%emt 00:06:05]} 27. h4 {[%clk 00:46:54]} {[%emt
00:01:59]} Rh5 {[%clk 00:26:25]} {[%emt 00:04:11]} 28. g3 {[%clk 00:46:52]}
{[%emt 00:00:40]} Bh3+ {[%clk 00:22:41]} {[%emt 00:04:14]} 29. Kg1 {[%clk
00:46:25]} {[%emt 00:00:55]} Ng6 {[%clk 00:21:32]} {[%emt 00:01:37]} 30. Rc7
{[%clk 00:45:39]} {[%emt 00:01:20]} Bg4 {[%clk 00:16:17]} {[%emt 00:05:39]} 31.
f3 {[%clk 00:44:43]} {[%emt 00:01:32]} Be6 {[%clk 00:15:29]} {[%emt 00:01:10]}
32. Bxg6 {[%clk 00:44:43]} {[%emt 00:00:38]} hxg6 {[%clk 00:15:48]} {[%emt
00:00:11]} 33. Bxg7 {[%clk 00:43:40]} {[%emt 00:01:32]} Rd8 {[%clk 00:13:24]}
{[%emt 00:02:47]} 34. Bf6 {[%clk 00:43:35]} {[%emt 00:00:42]} Rd2 {[%clk
00:11:47]} {[%emt 00:02:02]} 35. Rec1 {[%clk 00:43:11]} {[%emt 00:00:58]} Kh7
{[%clk 00:08:18]} {[%emt 00:04:01]} 36. g4 {[%clk 00:41:10]} {[%emt 00:02:31]}
Rhd5 {[%clk 00:07:25]} {[%emt 00:01:18]} 37. g5 {[%clk 00:41:28]} {[%emt
00:00:17]} Rd1+ {[%clk 00:02:40]} {[%emt 00:05:14]} 38. Rxd1 {[%clk 00:41:47]}
{[%emt 00:00:12]} Rxd1+ {[%clk 00:03:05]} {[%emt 00:00:04]} 39. Kf2 {[%clk
00:42:10]} {[%emt 00:00:08]} Rd2+ {[%clk 00:01:27]} {[%emt 00:02:08]} 40. Ke3
{[%clk 00:40:47]} {[%emt 00:01:52]} Rxa2 {[%clk 00:01:21]} {[%emt 00:00:36]}
41. Re7 {[%clk 00:35:37]} {[%emt 00:05:40]} Rc2 {[%clk 00:01:08]} {[%emt
00:00:41]} 42. Re8 {[%clk 00:35:52]} {[%emt 00:00:18]} Rc8 {[%clk 00:01:24]}
{[%emt 00:00:11]} 43. Rxc8 {[%clk 00:36:14]} {[%emt 00:00:11]} Bxc8 {[%clk
00:01:50]} {[%emt 00:00:03]} 44. Bd8 {[%clk 00:36:34]} {[%emt 00:00:10]} Be6
{[%clk 00:21:43]} {[%emt 00:10:37]} 45. Bxa5 {[%clk 01:06:51]} {[%emt
00:00:13]} Bxb3 {[%clk 00:22:07]} {[%emt 00:00:06]} 46. Bxb4 {[%clk 01:07:11]}
{[%emt 00:00:11]} 1/2-1/2

[Event "DVM U16w 2023"]
[Site "Magdeburg GER"]
[Date "2023.12.29"]
[Round "6"]
[White "Brewig, Bea Josephine"]
[Black "Weng, Yueyi Elina"]
[Result "0-1"]
[Termination "normal"]
[Board "2.4"]
[WhiteElo "1256"]
[BlackElo "1457"]
[WhiteClock "00:28:47"]
[BlackClock "00:48:53"]
[WhiteTeam "Chemnitzer SC Aufbau95"]
[BlackTeam "TSG Oberschöneweide"]
[PlyCount "87"]
[WhiteFideId "16249313"]
[BlackFideId "34639896"]
[EventCountry "GER"]
[EventRounds "7"]
[EventType "team-swiss"]
[EventDate "2023.12.26"]

1. e4 {[%clk 01:30:48]} {[%emt 00:00:11]} c6 {[%clk 01:30:55]} {[%emt
00:00:06]} 2. d4 {[%clk 01:30:55]} {[%emt 00:00:23]} d5 {[%clk 01:31:19]}
{[%emt 00:00:06]} 3. e5 {[%clk 01:30:32]} {[%emt 00:00:53]} c5 {[%clk
01:31:35]} {[%emt 00:00:15]} 4. c3 {[%clk 01:23:29]} {[%emt 00:07:33]} Nc6
{[%clk 01:31:21]} {[%emt 00:00:44]} 5. Nf3 {[%clk 01:21:32]} {[%emt 00:02:27]}
Bg4 {[%clk 01:31:31]} {[%emt 00:00:20]} 6. Bb5 {[%clk 01:13:47]} {[%emt
00:08:15]} e6 {[%clk 01:27:00]} {[%emt 00:05:00]} 7. h3 {[%clk 01:06:23]}
{[%emt 00:07:55]} Bh5 {[%clk 01:26:39]} {[%emt 00:00:51]} 8. g4 {[%clk
01:04:36]} {[%emt 00:02:17]} Bg6 {[%clk 01:26:40]} {[%emt 00:00:28]} 9. Bd3
{[%clk 00:59:30]} {[%emt 00:05:37]} Nge7 {[%clk 01:23:51]} {[%emt 00:03:18]}
10. Bg5 {[%clk 00:55:12]} {[%emt 00:04:48]} Qc7 {[%clk 01:22:48]} {[%emt
00:01:33]} 11. Bxg6 {[%clk 00:49:43]} {[%emt 00:05:59]} Nxg6 {[%clk 01:21:55]}
{[%emt 00:01:23]} 12. Qc2 {[%clk 00:42:07]} {[%emt 00:08:06]} h6 {[%clk
01:20:23]} {[%emt 00:02:02]} 13. Be3 {[%clk 00:40:44]} {[%emt 00:01:53]} Be7
{[%clk 01:17:50]} {[%emt 00:03:02]} 14. Nbd2 {[%clk 00:37:20]} {[%emt
00:03:55]} O-O-O {[%clk 01:14:17]} {[%emt 00:04:03]} 15. h4 {[%clk 00:34:15]}
{[%emt 00:03:35]} Nf8 {[%clk 01:13:36]} {[%emt 00:01:10]} 16. O-O-O {[%clk
00:26:52]} {[%emt 00:07:54]} Nd7 {[%clk 01:11:52]} {[%emt 00:02:14]} 17. g5
{[%clk 00:23:58]} {[%emt 00:03:25]} f5 {[%clk 00:57:24]} {[%emt 00:14:57]} 18.
gxh6 {[%clk 00:20:23]} {[%emt 00:04:05]} gxh6 {[%clk 00:57:20]} {[%emt
00:00:34]} 19. h5 {[%clk 00:19:38]} {[%emt 00:01:16]} Rdf8 {[%clk 00:52:24]}
{[%emt 00:05:24]} 20. Bf4 {[%clk 00:17:30]} {[%emt 00:02:39]} cxd4 {[%clk
00:51:31]} {[%emt 00:01:23]} 21. cxd4 {[%clk 00:17:41]} {[%emt 00:00:19]} Nb4
{[%clk 00:48:09]} {[%emt 00:03:51]} 22. Qxc7+ {[%clk 00:17:56]} {[%emt
00:00:15]} Kxc7 {[%clk 00:48:31]} {[%emt 00:00:09]} 23. Kb1 {[%clk 00:16:33]}
{[%emt 00:01:53]} Nd3 {[%clk 00:46:50]} {[%emt 00:02:11]} 24. Bg3 {[%clk
00:16:10]} {[%emt 00:00:54]} f4 {[%clk 00:46:42]} {[%emt 00:00:37]} 25. Nb3
{[%clk 00:16:24]} {[%emt 00:00:16]} fxg3 {[%clk 00:44:20]} {[%emt 00:02:52]}
26. Rxd3 {[%clk 00:16:39]} {[%emt 00:00:15]} gxf2 {[%clk 00:44:18]} {[%emt
00:00:32]} 27. Rc3+ {[%clk 00:16:45]} {[%emt 00:00:25]} Kb6 {[%clk 00:43:36]}
{[%emt 00:01:11]} 28. Rf1 {[%clk 00:15:53]} {[%emt 00:01:22]} Rf5 {[%clk
00:41:38]} {[%emt 00:02:28]} 29. Rxf2 {[%clk 00:15:21]} {[%emt 00:01:02]} Rxh5
{[%clk 00:41:50]} {[%emt 00:00:17]} 30. Nfd2 {[%clk 00:13:56]} {[%emt
00:01:56]} Bb4 {[%clk 00:38:37]} {[%emt 00:03:40]} 31. Rc1 {[%clk 00:14:01]}
{[%emt 00:00:28]} Bxd2 {[%clk 00:38:51]} {[%emt 00:00:16]} 32. Rxd2 {[%clk
00:14:15]} {[%emt 00:00:17]} Nb8 {[%clk 00:37:19]} {[%emt 00:02:00]} 33. Rd3
{[%clk 00:12:43]} {[%emt 00:02:03]} Na6 {[%clk 00:31:22]} {[%emt 00:06:25]} 34.
a4 {[%clk 00:10:55]} {[%emt 00:02:20]} Rf5 {[%clk 00:30:00]} {[%emt 00:01:51]}
35. Nc5 {[%clk 00:07:30]} {[%emt 00:03:57]} Nxc5 {[%clk 00:29:48]} {[%emt
00:00:42]} 36. Rxc5 {[%clk 00:07:45]} {[%emt 00:00:14]} Rf7 {[%clk 00:24:17]}
{[%emt 00:06:01]} 37. a5+ {[%clk 00:04:48]} {[%emt 00:03:27]} Ka6 {[%clk
00:24:35]} {[%emt 00:00:12]} 38. Kc2 {[%clk 00:02:58]} {[%emt 00:02:20]} Rhh7
{[%clk 00:18:58]} {[%emt 00:06:07]} 39. b4 {[%clk 00:01:04]} {[%emt 00:02:24]}
b6 {[%clk 00:18:24]} {[%emt 00:01:04]} 40. axb6 {[%clk 00:00:48]} {[%emt
00:00:47]} axb6 {[%clk 00:18:37]} {[%emt 00:00:17]} 41. Rc6 {[%clk 00:29:32]}
{[%emt 00:01:46]} Rc7 {[%clk 00:48:48]} {[%emt 00:00:18]} 42. b5+ {[%clk
00:29:42]} {[%emt 00:00:20]} Kxb5 {[%clk 00:48:29]} {[%emt 00:00:49]} 43. Rxc7
{[%clk 00:29:29]} {[%emt 00:00:43]} Rxc7+ {[%clk 00:48:53]} {[%emt 00:00:06]}
44. Kb3 {[%clk 00:28:47]} {[%emt 00:01:12]} *

[Event "DVM U16w 2023"]
[Site "Magdeburg GER"]
[Date "2023.12.29"]
[Round "6"]
[White "Jacobasch, Ronja"]
[Black "Wartenberg, Alissa"]
[Result "1/2-1/2"]
[Termination "normal"]
[Board "3.1"]
[WhiteElo "1607"]
[BlackElo "1721"]
[WhiteClock "00:03:33"]
[BlackClock "00:05:17"]
[WhiteTeam "SSV Altenberg"]
[BlackTeam "Hamburger SK 1830"]
[PlyCount "67"]
[WhiteFideId "34604340"]
[BlackFideId "16280741"]
[EventCountry "GER"]
[EventRounds "7"]
[EventType "team-swiss"]
[EventDate "2023.12.26"]

1. Nf3 {[%clk 01:30:59]} {[%emt 00:00:01]} Nf6 {[%clk 01:30:54]} {[%emt
00:00:06]} 2. g3 {[%clk 01:30:58]} {[%emt 00:00:30]} d5 {[%clk 01:31:19]}
{[%emt 00:00:05]} 3. Bg2 {[%clk 01:31:19]} {[%emt 00:00:10]} c5 {[%clk
01:31:42]} {[%emt 00:00:07]} 4. d3 {[%clk 01:31:29]} {[%emt 00:00:20]} e6
{[%clk 01:32:06]} {[%emt 00:00:05]} 5. O-O {[%clk 01:31:30]} {[%emt 00:00:30]}
Nc6 {[%clk 01:32:17]} {[%emt 00:00:18]} 6. Nbd2 {[%clk 01:31:28]} {[%emt
00:00:32]} g6 {[%clk 01:32:15]} {[%emt 00:00:32]} 7. e4 {[%clk 01:28:50]}
{[%emt 00:03:08]} Bg7 {[%clk 01:31:24]} {[%emt 00:01:22]} 8. c3 {[%clk
01:27:28]} {[%emt 00:01:51]} d4 {[%clk 01:30:29]} {[%emt 00:01:25]} 9. Nc4
{[%clk 01:20:51]} {[%emt 00:07:06]} dxc3 {[%clk 01:22:53]} {[%emt 00:08:07]}
10. bxc3 {[%clk 01:20:02]} {[%emt 00:01:19]} b5 {[%clk 01:22:24]} {[%emt
00:00:59]} 11. Ne3 {[%clk 01:13:20]} {[%emt 00:07:12]} b4 {[%clk 01:14:17]}
{[%emt 00:08:37]} 12. Bb2 {[%clk 01:06:45]} {[%emt 00:07:05]} Nd7 {[%clk
01:01:30]} {[%emt 00:13:18]} 13. d4 {[%clk 00:52:29]} {[%emt 00:14:46]} bxc3
{[%clk 00:57:59]} {[%emt 00:04:00]} 14. Bxc3 {[%clk 00:52:36]} {[%emt
00:00:23]} Ba6 {[%clk 00:55:39]} {[%emt 00:02:50]} 15. Re1 {[%clk 00:51:51]}
{[%emt 00:01:16]} cxd4 {[%clk 00:51:35]} {[%emt 00:04:34]} 16. Bxd4 {[%clk
00:41:47]} {[%emt 00:10:33]} Nxd4 {[%clk 00:49:31]} {[%emt 00:02:34]} 17. Nxd4
{[%clk 00:42:00]} {[%emt 00:00:17]} Nc5 {[%clk 00:40:14]} {[%emt 00:09:46]} 18.
e5 {[%clk 00:37:04]} {[%emt 00:05:26]} Bxe5 {[%emt 00:22:16]} 19. Bxa8 {[%clk
00:36:37]} {[%emt 00:00:02]} Qxa8 {[%clk 00:19:05]} {[%emt 00:00:48]} 20. Rb1
{[%clk 00:32:48]} {[%emt 00:04:20]} Bd3 {[%clk 00:16:12]} {[%emt 00:03:23]} 21.
Rb4 {[%clk 00:29:15]} {[%emt 00:04:03]} a5 {[%clk 00:14:47]} {[%emt 00:01:55]}
22. Nec2 {[%clk 00:16:19]} {[%emt 00:13:25]} axb4 {[%clk 00:10:24]} {[%emt
00:04:54]} 23. Rxe5 {[%clk 00:16:35]} {[%emt 00:00:14]} Nd7 {[%clk 00:10:02]}
{[%emt 00:00:51]} 24. Re3 {[%clk 00:13:15]} {[%emt 00:03:51]} Bxc2 {[%clk
00:09:44]} {[%emt 00:00:48]} 25. Nxc2 {[%clk 00:12:38]} {[%emt 00:01:07]} Qxa2
{[%clk 00:08:37]} {[%emt 00:01:37]} 26. Nxb4 {[%clk 00:12:09]} {[%emt
00:00:59]} Qc4 {[%clk 00:08:26]} {[%emt 00:00:39]} 27. Qd6 {[%clk 00:09:35]}
{[%emt 00:03:06]} Qc5 {[%clk 00:05:58]} {[%emt 00:02:57]} 28. Qxc5 {[%clk
00:06:40]} {[%emt 00:03:26]} Nxc5 {[%clk 00:06:26]} {[%emt 00:00:02]} 29. Rc3
{[%clk 00:06:12]} {[%emt 00:00:58]} Nb7 {[%clk 00:06:44]} {[%emt 00:00:12]} 30.
Rc8+ {[%clk 00:05:30]} {[%emt 00:01:12]} Nd8 {[%clk 00:07:06]} {[%emt
00:00:08]} 31. Rc7 {[%clk 00:04:57]} {[%emt 00:01:03]} O-O {[%clk 00:06:52]}
{[%emt 00:00:44]} 32. Nd3 {[%clk 00:04:31]} {[%emt 00:00:55]} f6 {[%clk
00:06:14]} {[%emt 00:01:10]} 33. Nf4 {[%clk 00:03:52]} {[%emt 00:01:09]} e5
{[%clk 00:05:17]} {[%emt 00:01:27]} 34. Nd5 {[%clk 00:03:33]} {[%emt 00:00:47]}
*